Master Meynard his speech at the committee at Guild Hall in London on Thursday, Ianuary 6. : Concerning the breaches of priviledges of Parliament. An. Dom. 1641.

Bibliographic Details
Main Author: Maynard, John, Sir, 1604-1690
Format: eBook
Language:English
Published: [London : publisher not identified], Printed in the yeare 1642.
Series:Early English books online.
Subjects:
Online Access:Connect to the full text of this electronic book

MARC

Tag First Indicator Second Indicator Subfields
LEADER 00000cam a2200000 4500
001 in00004282421
005 20210320063315.0
006 m g d
007 cr bn |||a|bb|
008 940922s1642 enk o 00| | eng d
035 |a (UnM)99871225 
037 |a CL0051000001  |b ProQuest Information and Learning. 300 N. Zeeb Rd., Ann Arbor, MI 48106 
040 |a Cu-RivES  |c Cu-RivES  |d CStRLIN  |e dcrb  |d WaOLN 
100 1 |a Maynard, John,  |c Sir,  |d 1604-1690. 
245 1 0 |a Master Meynard his speech at the committee at Guild Hall in London on Thursday, Ianuary 6. :  |b Concerning the breaches of priviledges of Parliament. An. Dom. 1641. 
246 3 |a Speech at the committee at Guild Hall in London on Thursday, January 6 
260 |a [London :  |b publisher not identified],  |c Printed in the yeare 1642. 
300 |a 1 online resource ([2], 6 pages) 
336 |a text  |b txt  |2 rdacontent 
337 |a computer  |b c  |2 rdamedia 
338 |a online resource  |b cr  |2 rdacarrier 
500 |a Place of publication from Wing. 
500 |a Annotation on Thomason copy: "Jan: 6"; the 2 in imprint date crossed out. 
500 |a Reproduction of the original in the British Library. 
510 4 |a Wing (2nd edition)  |c M1461. 
510 4 |a Thomason  |c E.200[6]. 
533 |a Electronic reproduction.  |b Ann Arbor, Mich. :  |c UMI,  |d 1999-  |f (Early English books online)  |n Digital version of: (Thomason Tracts ; 35:E200[6])  |7 s1999 miun s 
610 1 0 |a Great Britain.  |b Parliament  |v Rules and practice  |x History  |v Early works to 1800. 
650 0 |a Speeches, addresses, etc., English  |v Early works to 1800. 
651 4 |a Great Britain  |x Politics and government  |y 1625-1649  |v Early works to 1800. 
830 0 |a Early English books online. 
856 4 0 |u http://proxy.library.tamu.edu/login?url=https://search.proquest.com/docview/2240942089  |z Connect to the full text of this electronic book  |t 0 
999 f f |s 32fcd74c-a748-3f8e-9262-75da756724c7  |i 176b5bca-f1d4-353e-9590-e96b72059d85  |t 0 
952 f f |a Texas A&M University  |b College Station  |c Electronic Resources  |d Available Online  |t 0  |h No information provided 
998 f f |t 0  |l Available Online